[Event "Belgrade RAD 30"]
[Site "Belgrade"]
[Date "1977.01.22"]
[Round "6.3"]
[White "Andersson, Ulf"]
[Black "Sax, Gyula"]
[Result "1-0"]
[WhiteElo "2565"]
[BlackElo "2565"]
[Annotator "Primel,D"]
[PlyCount "77"]
[EventDate "1977.01.15"]
[EventType "tourn"]
[EventRounds "13"]
[EventCountry "SRB"]
[EventCategory "9"]
[SourceTitle "EXT 2018"]
[Source "ChessBase"]
[SourceDate "2017.10.13"]
[SourceVersion "1"]
[SourceVersionDate "2017.10.13"]
[SourceQuality "1"]
[TimeControl "40/9000:16/5400:0"]

1. c4 g6 2. g3 Bg7 3. Bg2 c5 4. Nc3 Nc6 5. e3 e5 {[%csl Gd4][%cal Gg8e7] Les
Noirs ont des bons résultats avec ce système} (5... e6) 6. Nge2 Nge7 7. O-O
O-O 8. a3 d6 9. Rb1 a5 10. b3 (10. d3 Rb8 {Danov,V-Botvinnik,M URS Spartakiad
semifinal 1 1963 [2] 0-1}) 10... Rb8 (10... Be6 11. Nd5) 11. Bb2 Be6 12. Nd5
$146 (12. Rc1 f5 {Kimelfeld,R-Furman,S URS-ch35 Kharkov 1967 0-1}) 12... b5 13.
Nec3 Na7 14. d3 Nxd5 $6 {Permet aux Blancs de resoudre le problème de la
pièce superflue} (14... Nf5 $5) 15. Nxd5 $14 Qd7 16. Re1 Nc6 17. Ba1 Bf5 18.
Qd2 Ne7 19. Nxe7+ Qxe7 20. Bc3 Qa7 (20... b4 21. axb4 axb4 22. Bb2 Rbc8 23. Ra1
) 21. Bxa5 Bxd3 22. Qxd3 Qxa5 23. cxb5 Qxa3 24. Bd5 {[%csl Gd5][%cal Gd5c4]}
Kh8 25. Bc4 $16 Rbd8 26. Red1 f5 27. Ra1 $36 {[%csl Ra3]} Qb2 28. Qd2 (28. Rdb1
e4) 28... e4 29. Qxb2 Bxb2 30. Ra6 Be5 31. Bd5 Rb8 32. b6 Kg7 33. Rd2 Kf6 34.
Rda2 $40 Rfd8 35. b7 Ke7 36. Ra8 Kd7 37. h4 Kc7 38. R2a7 h6 39. Be6 1-0

[Event "Belgrade RAD 30"]
[Site "Belgrade"]
[Date "1977.01.25"]
[Round "8.2"]
[White "Andersson, Ulf"]
[Black "Velimirovic, Dragoljub"]
[Result "1-0"]
[WhiteElo "2565"]
[BlackElo "2525"]
[Annotator "Primel,D"]
[PlyCount "133"]
[EventDate "1977.01.15"]
[EventType "tourn"]
[EventRounds "13"]
[EventCountry "SRB"]
[EventCategory "9"]
[SourceTitle "EXT 2018"]
[Source "ChessBase"]
[SourceDate "2017.10.13"]
[SourceVersion "1"]
[SourceVersionDate "2017.10.13"]
[SourceQuality "1"]
[TimeControl "40/9000:16/5400:0"]

1. c4 c5 2. g3 g6 3. Bg2 Bg7 4. Nc3 Nc6 5. e3 Nf6 6. Nge2 O-O 7. O-O d6 8. d3
Bd7 9. h3 a6 10. b3 (10. a3 Rb8 11. Rb1 {1/2-1/2 (11) Paehtz,T (2480)-Knaak,R 
(2515) Halle 1974}) 10... b5 $146 (10... Rb8 11. Bb2 b5 12. Qd2 Qa5 13. f4 bxc4
14. dxc4 Rfd8 15. Rad1 Qb6 16. g4 a5 17. g5 Ne8 18. Nd5 Qa6 19. Bxg7 Kxg7 20.
Ng3 Be6 21. Qc3+ Kg8 22. f5 Bxd5 23. Bxd5 Ne5 24. fxg6 hxg6 25. Rxf7 Nxf7 26.
Rf1 e6 27. Bxe6 Rb7 28. Ne4 Qa7 29. Nf6+ Nxf6 30. Qxf6 Re8 31. Qxg6+ Kf8 32.
Qh6+ Ke7 33. Qf6+ Kf8 34. g6 Rxe6 35. Qh8+ {1-0 (35) Szabo,L-Spiridonov,N
Slncev Brjag 1974}) 11. Rb1 Ra7 12. Bb2 Ne8 13. Qd2 b4 14. Nd1 e5 15. d4 $1 Qb6
16. Ba1 (16. d5 $5 {[%csl Ra7,Rc6,Rd7] Gagnait un peu d'espace}) 16... cxd4 17.
exd4 Nxd4 18. Nxd4 exd4 19. Nb2 $1 {[%cal Gb2d3]} a5 20. Nd3 $14 {[%csl Rb4,
Gd3][%cal Gd3b4] Une belle case de blocage et le N empêche indirectement la
poussée a4} Nc7 21. Nf4 (21. Rfe1) 21... Ne6 22. Rbd1 a4 23. Nxe6 Bxe6 24.
Bxd4 Bxd4 25. Qxd4 Ra6 26. Qxb6 Rxb6 27. Rd4 $16 {[%csl Rb4,Rd6] Le suédois
était trés fort dans ce genre de finale avec un petit avantage} axb3 28. axb3
Ra6 29. Rfd1 Ra3 (29... Rd8 30. Kf1) 30. R1d3 Re8 31. g4 h5 $1 32. Kh2 hxg4 33.
hxg4 Kf8 34. Kg3 Rd8 35. Bd5 $1 Ke7 36. Re3 Kd7 37. Red3 Ra5 38. Bxe6+ Kxe6 39.
Rd5 Rxd5 40. Rxd5 {Malgré les échanges, la finale est difficile pour les
Noirs qui vont tenter de tenir à l'ajournement.} Rb8 41. Kf4 {Ajournement} Ra8
42. Rb5 Ra2 43. Ke3 Rc2 44. Rxb4 g5 45. Rb5 f6 (45... Rc3+ 46. Ke4 f6 47. Rb6)
46. Rd5 Rb2 47. Rd3 $1 {[%cal Gd3b3,Gd3f3,Ge3d4]} Ke5 48. f3 Rc2 49. Rd5+ Ke6
50. Kd3 Rf2 51. Rf5 $1 {[%cal Gf5f3,Gf5f6]} Rf1 52. Kc3 $18 {[%cal Gc3b4] Les
Noirs ne peuvent rien contre la majorité blanche de l'aile-dame qui est
soutenu par le K} Ke7 53. b4 Ke6 54. b5 Rc1+ 55. Kb4 Rb1+ 56. Ka5 Rc1 57. Ka6
Rxc4 58. b6 d5 59. b7 Rb4 60. f4 gxf4 61. Rxf4 Rb3 62. Ka7 Ra3+ 63. Kb6 Rb3+
64. Kc6 Ke5 65. Ra4 f5 66. g5 f4 67. g6 1-0

[Event "Hans & Lenze"]
[Site "Lippstadt"]
[Date "1998.08.05"]
[Round "7"]
[White "Prusikin, Michael"]
[Black "Wilhelmi, Christian"]
[Result "1-0"]
[WhiteElo "2430"]
[BlackElo "2445"]
[Annotator "Prusikin,M"]
[PlyCount "69"]
[EventDate "1998.07.30"]
[EventType "tourn"]
[EventRounds "11"]
[EventCountry "GER"]
[EventCategory "8"]
[SourceTitle "CBM 065 Extra"]
[Source "ChessBase"]
[SourceDate "1998.09.09"]
[SourceVersion "1"]
[SourceVersionDate "1998.09.09"]
[SourceQuality "1"]

1. b3 {Der schlechte Einfluß von B. Larsen und M. Bezold :)} c5 2. Bb2 Nc6 3.
c4 e5 4. g3 g6 5. Bg2 Nge7 6. Nc3 Bg7 7. e3 d6 8. d3 Rb8 9. Nge2 a6 10. O-O O-O
11. Rb1 b5 12. Qd2 Be6 13. Nd5 Kh8 {vielleicht etwas zu prophylaktisch} (13...
Qd7) 14. Ba1 Nf5 {ein merkwürdiges Feld für den Springer in dieser Struktur,
aber Schwarz möchte d3-d4 in für alle Mal unterbinden.} 15. Rfc1 $5 {tut so,
als würde b3-b4 drohen, in der Hoffnung, das Abriegeln des Damenflügels
provozieren zu können.} b4 $6 {und es hat fuunktioniert!} 16. Rf1 {nun kann
sich Weiß in Ruhe dem Königsflügel widmen.} Qd7 17. f4 h5 $2 {eine
ernstzunehmende und unnötige Schwächung des Königsflügels} (17... Rbe8) (17...
a5) 18. Kh1 $6 {Zeitverschwendung} (18. e4 $1 {war bereits hier sehr stark:}
Nfd4 (18... Nfe7 19. f5 gxf5 20. Nf6 $1 $18) 19. f5 Nxe2+ 20. Qxe2 Bxd5 21.
exd5 Nd4 22. Bxd4 exd4 23. fxg6 fxg6 24. Qe6 Qxe6 $1 25. dxe6 Bf6 26. Rbe1 Rbe8
27. Bc6 Re7 28. Kg2 Kg7 29. Bd7 {und Weiß sollte gewinnen: gegen a2-a3 mit dem
nachfolgenden Eindringen auf der a-Linie sowie gegen Kg2-f3-e4-d5-c6 ist kein
Kraut gewachsen.}) 18... Nce7 {es ist nicht einfach, einen sinnvolleren Zug
für Schwarz vorzuschlagen} 19. e4 $1 Bxd5 20. cxd5 Nd4 21. Ng1 $1 {ein Zug,
auf den ich bis heute stolz bin. Lg2-h3 wird damit vorbereitet und der Gaul
hat auch noch eine große Karriere vor sich.} Ng8 22. Bh3 Qe7 (22... f5 23. Bxd4
exd4 24. Nf3 $16) 23. Bxd4 $1 cxd4 (23... exd4 24. Nf3 {ist ebenfalls ziemlich
trostlos für Schwarz, dessen Bauernstruktur unbeweglich und die Leichtfiguren
schlecht sind.}) 24. Nf3 (24. Rbc1 $5 {sah auch gut aus, aber ich hatte eine
prinzipiell anderen Plan}) 24... Nh6 (24... Bh6 25. Rbc1 $16) 25. Qe2 Rb7 26.
Nd2 Rc7 27. Nc4 {dieser Springer ist nun ein Riese und die Türme kommen auf
der f-Linie zum Einsatz} Rc5 {gegen Sc4-a5-c6 gerichtet} 28. f5 Ng8 29. Rf2 Nf6
30. fxg6 fxg6 31. Qd2 Rb5 32. Rbf1 {das ist inkosequent und führt direkt zum
Verlust, aber ein guter Rat war bereits teuer.} Rbb8 33. Na5 Rb5 34. Nc6 Qe8
35. Rxf6 $1 (35. Rxf6 Rxf6 36. Rxf6 Bxf6 37. Qh6+ Kg8 38. Be6+) 1-0

[Event "Cappelle op 31st"]
[Site "Cappelle la Grande"]
[Date "2015.03.01"]
[Round "2"]
[White "Papin, Vasily"]
[Black "Landa, Konstantin"]
[Result "1/2-1/2"]
[WhiteElo "2515"]
[BlackElo "2650"]
[Annotator "RR"]
[PlyCount "41"]
[EventDate "2015.02.28"]
[EventType "swiss"]
[EventRounds "9"]
[EventCountry "FRA"]
[SourceTitle "EXT 2016"]
[Source "ChessBase"]
[SourceDate "2015.10.08"]
[SourceVersion "1"]
[SourceVersionDate "2015.10.08"]
[SourceQuality "1"]

1. c4 c5 2. g3 Nc6 3. Bg2 g6 4. Nc3 Bg7 5. b3 d6 (5... e5 6. Bxc6 dxc6 7. Bb2
Nf6 8. d3 O-O 9. Qc2 Qe7 10. h3 Nh5 11. O-O-O f5 12. e3 Bd7 13. Nge2 Rad8 14.
Kb1 b6 15. f3 Nf6 16. g4 Ne8 17. Ng3 Nd6 18. Qe2 Qh4 19. Qg2 Rf7 20. e4 f4 21.
Nge2 {1/2-1/2 (21) Bauer,C (2627)-Cvitan,O (2526) Switzerland 2014}) (5... Bxc3
6. dxc3 Qa5 7. Bd2 Nf6 8. Nh3 d6 9. Nf4 h5 $13 {Marangunic,S (2495)-Barle,J 
(2420) Bled/Portoroz 1979 0-1}) 6. Bb2 e5 7. d3 Nge7 8. e3 Be6 9. Nd5 Qd7 10.
Qd2 O-O 11. Ne2 Bh3 12. O-O Rae8 13. Rad1 $146 (13. Nxe7+ Nxe7 {1/2-1/2 (13)
Schussler,H (2365)-Wedberg,T (2370) Eksjo 1978}) 13... Nxd5 14. cxd5 Bxg2 15.
Kxg2 Nb4 16. Nc3 f5 $132 17. a3 Na6 18. e4 f4 19. f3 $8 g5 20. g4 Bf6 21. Rb1
1/2-1/2

[Event "Cappelle op 31st"]
[Site "Cappelle la Grande"]
[Date "2015.03.01"]
[Round "2"]
[White "Wirig, Anthony"]
[Black "Fier, Alexandr"]
[Result "1/2-1/2"]
[WhiteElo "2484"]
[BlackElo "2612"]
[Annotator "RR"]
[PlyCount "84"]
[EventDate "2015.02.28"]
[EventType "swiss"]
[EventRounds "9"]
[EventCountry "FRA"]
[SourceTitle "EXT 2016"]
[Source "ChessBase"]
[SourceDate "2015.10.08"]
[SourceVersion "1"]
[SourceVersionDate "2015.10.08"]
[SourceQuality "1"]

1. c4 g6 2. g3 Bg7 3. Bg2 c5 4. e3 Nc6 5. Nc3 h5 $1 6. h3 d6 (6... e5 7. Nge2
Nge7 8. O-O O-O 9. a3 d6 10. Rb1 a5 11. Nd5 Nxd5 12. cxd5 Ne7 13. b4 cxb4 14.
axb4 f5 15. b5 h4 16. f4 hxg3 17. fxe5 Bxe5 18. d4 Bg7 19. b6 Ra6 20. Qb3 Bd7
21. Nf4 a4 22. Qb4 Nc8 23. Ne6 Bxe6 24. dxe6 Qe7 25. Qc4 Nxb6 26. Qa2 d5 27.
Ba3 Qxe6 28. Bxf8 Bxf8 29. Rfe1 Kh7 30. e4 f4 31. exd5 Qf6 32. Re6 Qxd4+ 33.
Kh1 Nd7 34. Re4 Qf6 35. Rxb7 Rd6 36. Qxa4 {Hayrapetyan,H (2438)-Gabuzyan,H 
(2582) Yerevan 2014 0-1}) (6... Nh6 7. Nge2 d6) 7. Nge2 e5 8. a3 a5 $146 (8...
Be6 9. Nd5 Nge7 10. Nec3 f5 11. d3 Qd7 12. h4 O-O 13. Rb1 Rae8 14. b4 b6 15.
Bd2 Kh7 16. b5 Nd8 17. O-O Nxd5 18. Nxd5 Nf7 19. a4 Nh6 20. a5 Qd8 21. Rb3 Ng4
22. axb6 axb6 23. Ra3 Nf6 24. Nxf6+ Rxf6 25. Qb3 Rff8 26. Bc6 Bd7 27. Ra7 Re7
28. Rfa1 Bc8 29. Bc3 Rxa7 30. Rxa7 g5 31. d4 cxd4 32. exd4 Kg6 33. dxe5 Bxe5
34. Bxe5 dxe5 35. Qe3 e4 36. hxg5 Be6 37. Bxe4 fxe4 38. Qxe4+ {Urday Caceres,H
(2440)-Pelikian,J (2335) Sao Paulo 1995 1-0}) 9. Nd5 Nge7 10. Nec3 Nxd5 11.
Nxd5 f5 12. d3 O-O 13. Qe2 Be6 $11 14. Bd2 Bf7 15. g4 $5 (15. O-O f4) 15...
hxg4 16. hxg4 Qg5 17. O-O-O $1 {Le K Blanc est davantage en sécurité} e4 18.
dxe4 (18. f4 $5 Qxg4 (18... exf3 19. Bxf3 fxg4 20. Qh2 $40) 19. Qxg4 fxg4 20.
Bxe4 $16 {[%csl Gd3,Ge3,Rg4]}) 18... fxg4 19. f4 {Trop tard!} gxf3 20. Bxf3
Bxd5 21. exd5 Qf6 22. Bc3 Qxf3 23. Qxf3 $4 (23. Qh2 Qxe3+ 24. Kb1 Ne5 25. Qh7+
Kf7 26. Rdf1+) 23... Rxf3 24. Bxg7 Kxg7 25. dxc6 Rf6 26. cxb7 Rb8 27. Rd2 Rxb7
28. Rdh2 Rff7 29. Kc2 Kf6 30. Rf1+ Ke6 31. Rg1 Rf6 32. Rhg2 Kf7 33. b3 Re7 34.
Rg3 Rf2+ 35. Kd3 Re6 36. R1g2 Rf5 37. b4 cxb4 38. axb4 axb4 39. Rb2 g5 40. Rxb4
Rg6 41. Rb5 Kf6 42. Ke4 Rf1 1/2-1/2

[Event "Sautron op 15th"]
[Site "Sautron"]
[Date "2015.10.24"]
[Round "9.7"]
[White "Ibrahim, Hatim"]
[Black "Loiseau, Quentin"]
[Result "1-0"]
[WhiteElo "2311"]
[BlackElo "2449"]
[Annotator "RR"]
[PlyCount "45"]
[EventDate "2015.10.24"]
[EventType "swiss"]
[EventRounds "9"]
[EventCountry "FRA"]
[SourceTitle "CBM 169 Extra"]
[Source "ChessBase"]
[SourceDate "2015.12.18"]
[SourceVersion "1"]
[SourceVersionDate "2015.12.18"]
[SourceQuality "1"]
[TimeControl "40/5400+30:1800+30"]
[WhiteClock "0:23:12"]
[BlackClock "0:02:06"]

1. c4 {[%emt 0:00:00]} c5 {[%emt 0:05:01]} 2. Nc3 {[%emt 0:01:11]} Nc6 {
[%emt 0:00:09]} 3. g3 {[%emt 0:01:34]} g6 {[%emt 0:01:05]} 4. Bg2 {[%emt 0:00:
11]} Bg7 {[%emt 0:00:07]} 5. a3 {[%emt 0:02:33]} d6 {[%emt 0:02:24]} 6. Rb1 {
[%emt 0:01:10]} Bxc3 $6 {[%emt 0:00:22] Accélère le développement des
Blancs et les P doublés ne sont pas isolés} (6... Nh6 7. e3 Nf5 8. Nge2 Rb8
9. d3 O-O 10. O-O Qe8 11. b4 b6 12. b5 Na5 13. Bd2 e6 14. a4 Qd8 15. Nf4 Bb7
16. Bh3 Ne7 17. Qc2 Ba8 18. e4 Bb7 19. Nce2 a6 20. Bc3 axb5 21. Nxe6 fxe6 22.
Bxe6+ Rf7 23. axb5 Qf8 24. Nf4 Bc8 25. Bxf7+ Qxf7 26. Rfe1 g5 27. Nd5 Ng6 28.
Bxg7 Qxg7 29. f4 gxf4 30. gxf4 Nxf4+ 31. Kh1 Ng6 32. Rg1 Be6 33. Nf4 Bf7 34.
Rbf1 Qe5 35. h4 Kh8 36. Rg5 {Ivanchuk,V (2757)-Kokarev,D (2648) Loo 2013 1-0})
(6... a5 7. d3 e5) 7. bxc3 {[%emt 0:02:28]} Qd7 {[%emt 0:01:34][%csl Rc8] Un
coup bizarre} (7... Qc7 8. d3 b6 9. Nf3 f5 10. O-O Nf6 11. Bh6 Ng4 12. Qd2 Bb7
13. h3 Nxh6 14. Qxh6 Kd7 $13 {Hickl,J (2500)-Fedorowicz,J (2520) Bundesliga
8889 1988 [3] 1/2}) 8. Qa4 {[%emt 0:04:19]} e5 {[%emt 0:08:39]} 9. d3 {[%emt 0:
02:11]} Kd8 $5 $146 {[%emt 0:05:27][%cal Gd8c7] Un peu dans l'esprit de la
variante Leningrad de la Nimzo-Indienne, le K Noir va tenter de trouver refuge
à l'aile-dame} (9... f6 10. f4 Nge7 11. fxe5 Nxe5 12. Qxd7+ Nxd7 13. Nh3 Rb8
14. Nf2 f5 15. O-O b6 16. g4 Bb7 17. e4 Ne5 18. Bf4 Kd7 19. Bxe5 dxe5 20. exf5
Bxg2 21. Kxg2 gxf5 22. Rbe1 Kd6 23. d4 cxd4 24. cxd4 exd4 25. gxf5 Nxf5 26.
Ne4+ Ke5 27. Ng5+ Ne3+ 28. Kh1 Rhf8 29. Nf7+ Ke4 30. Rf2 Kd3 31. Ne5+ Kc3 32.
Rc1+ Kb3 33. Nf3 Ka4 34. Rb1 Rf4 35. Rb4+ Ka5 36. Rb5+ Ka6 37. Rh5 Rbf8 38. Rh3
Ng4 39. Rf1 {Fendrich,D (2300)-Sanden,S (2334) Sweden 2008 0-1}) 10. f4 {
[%emt 0:04:46]} Kc7 {[%emt 0:01:56]} 11. Nf3 {[%emt 0:01:07]} Nge7 {[%emt 0:04:
52]} 12. O-O {[%emt 0:03:14]} exf4 {[%emt 0:23:09]} 13. Bxf4 $32 {[%emt 0:02:
56]} h6 {[%emt 0:01:27]} 14. d4 {[%emt 0:23:33]} g5 {[%emt 0:01:21]} 15. Bd2 {
[%emt 0:01:36]} b6 {[%emt 0:02:49]} 16. Nxg5 $1 {[%emt 0:10:45]} hxg5 {[%emt 0:
01:13]} 17. Rxf7 $16 {[%emt 0:00:52][%cal Gf7c7]} Bb7 {[%emt 0:16:59]} 18. Bxg5
{[%emt 0:01:13][%cal Gg2c6,Gg5e7,Gd4d5]} Rhe8 {[%emt 0:06:56]} 19. dxc5 $1 {
[%emt 0:06:15][%cal Gb1d1]} dxc5 {[%emt 0:10:39]} 20. Rd1 $40 {[%emt 0:04:42]}
Qe6 {[%emt 0:01:15]} 21. Rf6 {[%emt 0:01:04]} Qxe2 {[%emt 0:01:28]} 22. Bf4+ {
[%emt 0:00:22]} Kc8 {[%emt 0:00:02]} 23. Bh3+ {[%emt 0:00:16]} 1-0

[Event "Cappelle op 31st"]
[Site "Cappelle la Grande"]
[Date "2015.02.28"]
[Round "1"]
[White "Rzayev, Bahruz Iqbal Oglu"]
[Black "Iturrizaga Bonelli, Eduardo"]
[Result "0-1"]
[WhiteElo "2400"]
[BlackElo "2640"]
[Annotator "RR"]
[PlyCount "86"]
[EventDate "2015.02.28"]
[EventType "swiss"]
[EventRounds "9"]
[EventCountry "FRA"]
[SourceTitle "EXT 2016"]
[Source "ChessBase"]
[SourceDate "2015.10.08"]
[SourceVersion "1"]
[SourceVersionDate "2015.10.08"]
[SourceQuality "1"]

1. c4 c5 2. Nc3 g6 3. g3 Bg7 4. Bg2 Nc6 5. a3 Nh6 6. Rb1 d6 7. e3 Bg4 $146 (
7... Nf5 8. Nge2 Rb8 9. d3 O-O 10. O-O Qe8 11. b4 b6 12. b5 Na5 13. Bd2 e6 14.
a4 Qd8 15. Nf4 Bb7 16. Bh3 Ne7 17. Qc2 Ba8 18. e4 Bb7 19. Nce2 a6 20. Bc3 axb5
21. Nxe6 fxe6 22. Bxe6+ Rf7 23. axb5 Qf8 24. Nf4 Bc8 25. Bxf7+ Qxf7 26. Rfe1 g5
27. Nd5 Ng6 28. Bxg7 Qxg7 29. f4 gxf4 30. gxf4 Nxf4+ 31. Kh1 Ng6 32. Rg1 Be6
33. Nf4 Bf7 34. Rbf1 Qe5 35. h4 Kh8 36. Rg5 Qd4 37. Nxg6+ {Ivanchuk,V (2757)
-Kokarev,D (2648) Loo 2013 1-0}) 8. Nge2 O-O 9. h3 Bd7 10. O-O Rc8 (10... Qc8)
11. d3 Nf5 12. b4 b6 13. b5 Na5 14. Bb2 e6 15. Na2 $6 {Trop lent et les Blancs
contrôlent moins bien la case "d5"} (15. a4 $142) 15... Bxb2 16. Rxb2 d5 $1
17. cxd5 exd5 18. Bxd5 Nd6 19. Nac3 Nxb5 $36 20. Nxb5 Bxb5 21. Nf4 Bc6 (21...
g5 22. Rxb5) 22. e4 Bxd5 23. Nxd5 Nc6 24. Rd2 Qd6 25. h4 Rfd8 $15 26. Qa4 Qe6
27. Kh2 $6 (27. Kg2 $142) 27... b5 $1 28. Qd1 (28. Qxb5 Nd4 {[%csl Rb5,Rf3]})
28... Nd4 29. f4 f5 30. Nc3 a6 (30... b4 31. axb4 cxb4 32. Nd5 Rxd5 $5 33. exd5
Qxd5 $44 {[%csl Rf3,Rh2]}) 31. exf5 gxf5 32. Rg2 Re8 33. g4 $5 {Une tentative
désespérée de trouver du contre-jeu mais qui affaiblit à nouveau le K Blanc
} Kh8 (33... fxg4 $1 {Cette variante semble donner moins de contre-jeu que
dans la partie} 34. Rxg4+ Kh8) 34. gxf5 Qh6 (34... Nxf5 35. Ne4 Rg8 (35... Nxh4
36. Qa1+) 36. Qa1+ Nd4) 35. Rg4 Re3 36. Ne4 c4 $1 37. Ng5 $1 $132 Qh5 $2 38.
Rfg1 $2 $138 (38. dxc4 $1 {[%csl Rd4,Rh8][%cal Gd1d4]} Re2+) 38... c3 (38...
Rxd3) 39. Ne6 Nf3+ 40. Kh1 Qxf5 41. R4g3 Qxe6 42. Rxf3 Qd5 43. Rgg3 Rxf3 0-1

[Event "Gashimov Memorial 3rd"]
[Site "Shamkir"]
[Date "2016.05.27"]
[Round "2"]
[White "Giri, Anish"]
[Black "Karjakin, Sergey"]
[Result "1-0"]
[WhiteElo "2790"]
[BlackElo "2779"]
[Annotator "Ramirez Alvarez,A"]
[PlyCount "135"]
[EventDate "2016.05.26"]
[EventType "tourn"]
[EventRounds "9"]
[EventCountry "AZE"]
[EventCategory "20"]
[SourceTitle "CBM 173"]
[Source "ChessBase"]
[SourceDate "2016.07.12"]
[SourceVersion "1"]
[SourceVersionDate "2016.07.12"]
[SourceQuality "1"]

1. g3 c5 2. Bg2 Nc6 3. c4 g6 4. Nc3 Bg7 5. a3 d6 6. Rb1 a5 7. d3 e5 8. e4 h5 9.
h4 Bh6 10. Bh3 Bxc1 11. Rxc1 Nf6 12. Bxc8 Rxc8 13. Nge2 O-O 14. O-O Qd7 15. Kg2
Kg7 16. f3 Nd4 17. Rf2 b6 18. a4 Rb8 19. b3 Rb7 20. Rb1 Rbb8 21. Qd2 Rbe8 22.
Qb2 Qb7 23. Rbf1 Ng8 24. Nd5 Ne7 25. Nxd4 exd4 26. Nf4 Qd7 27. Re2 Nc6 28. Qd2
Nb4 29. Rfe1 Re5 30. Nh3 Re7 31. f4 f6 32. Qd1 Rh8 33. Kh2 Qg4 34. Kg2 {
Up to about this point the game had been as uneventful as imaginable. As you
can see from the pawn structure, it is extremely locked up and highly unlikely
something actually happens. However, Karjakin lets his guard down for just a
second, and that turns out to be more than enough.} Rhe8 $4 {The decisive
mistake. Karjakin underestimated the problems he was about to get into, or
more likely, didn't even see it coming.} 35. f5 $1 {The threat is clear: Nf2
wins the queen.} gxf5 36. Nf2 Qg6 37. exf5 {Black now faces a very unpleasant
choice} Rxe2 (37... Qf7 38. Rxe7 Rxe7 39. Rxe7 Qxe7 40. Qxh5 $18 {looks truly
hopeless. Black is down a pawn, and in the knight endgames the double pawns on
the d-file don't make a good impression. If Black doesn't trade queens, his
king is very weak.}) 38. fxg6 Rxe1 39. Qxh5 {From a material point of view
Black is ok, but it is clear that his king is not.} Rh8 40. Qf3 Re3 (40... Kxg6
41. Ne4 f5 42. Nxd6 $18) 41. Qg4 Re5 42. Qd7+ Kxg6 43. Ne4 Nxd3 44. Qg4+ Kh6 (
44... Kf7 45. Nxd6+ Ke7 46. Qg7+ Kxd6 47. Qxf6+ {followed by Qxh8 looks very
unappetizing, but it's the computer's top choice to try to defend.}) 45. Nxd6
Rf8 46. Nf5+ Rxf5 47. Qxf5 {Now Black is down material, and the knight and
rook cannot hope to compete with the queen.} Ne5 48. Qe6 d3 49. Qxb6 Rf7 50.
Qxa5 Rd7 51. Qd2+ Kg7 52. a5 {The white pawns march now that the queen is
forced to be in a passive position. That, however, will only be temporary.} Nc6
53. a6 Kf7 54. h5 Nb4 55. h6 Kg6 56. Qf4 (56. Qe3 {seemed way easier. For
example} d2 57. Qe8+ Rf7 58. Qg8+ Kxh6 59. Qxf7 $1 (59. Qd8 {also works, for
those that don't want to calculate.}) 59... d1=Q 60. Qxf6+ Kh7 61. Qf7+ Kh6 62.
a7 Qe2+ 63. Kh3 {and there is no perpetual. Actually there are no more checks.}
) 56... Rd4 57. h7 $1 {It's important to find this move.} Rxf4 58. h8=Q d2 59.
Qe8+ Kh6 60. Qh8+ Kg6 61. Qe8+ {Repeat to gain time: always wise.} Kh6 62. Qe2
(62. a7 {is some nonesense computer line. What Giri chose is very easy.}) 62...
Rd4 63. a7 d1=Q 64. Qxd1 Rxd1 65. a8=Q {The passed d-pawn has been eliminated,
and now Black can't hold on to his c-pawn. The knight is too short range of a
piece.} Rd2+ 66. Kf3 Rd3+ 67. Kf4 Rxb3 68. Kf5 {Black's getting mated.} 1-0